000 00472nam a2200157Ia 4500
008 210324s9999||||xx |||||||||||||| ||und||
040 _cSTCPL
041 _hENG
082 _a171.2
_bLEG-A
100 _aLeguen Louis
245 2 _aA course of moral instruction foundations of morality
260 _aBeckaner.
_bRavai And Sons
_c1963
300 _a116 P, 21CM
650 _aSystems And DoctrinesBased On Intuition, Moral Sense, Reasonചരിത്രം
942 _cBK
999 _c8311
_d8311